00398cam a2200157ua 45000010005000000080039000050400009000440820008000531000031000612450038000922500009001302600040001393000016001796530014001956530031002092940110919n ii |||gr||||Z||||||asm cMAIN a9201 aBarman, Sivanath,eAuthor.11aImmanual kantcby Sivanath Barman a1st. aTinsukia:bPriyabala Prakashan,995. a72p:c23cm. aBiography aBiography of Immanual kant